00399nam a22001457a 450000500170000000800410001702000230005804100080008108200090008910000570009824500290015526000460018430000080023065000150023820160517141249.0160517b xxu||||| |||| 00| 0 eng d a978-0-07-007-204-8 aeng b2495 aStarn L-McShane Marry Ann Von Glinow Radha R. Sharma aOrganizational Behaviour aNew DelhibMc Graw Hill Companies, c2009 a669 aManagement